Systematic theology / (Record no. 2001)
[ view plain ]
| 000 -LEADER | |
|---|---|
| fixed length control field | 01379cam a2200397Ii 4500 |
| 001 - CONTROL NUMBER | |
| control field | 455305 |
| 003 - CONTROL NUMBER IDENTIFIER | |
| control field | GBCCL |
| 005 - DATE AND TIME OF LATEST TRANSACTION | |
| control field | 20241126110414.0 |
| 008 - FIXED-LENGTH DATA ELEMENTS--GENERAL INFORMATION | |
| fixed length control field | 790628t19491941miu b 001 0 eng d |
| 020 ## - INTERNATIONAL STANDARD BOOK NUMBER | |
| International Standard Book Number | 080283020X |
| 020 ## - INTERNATIONAL STANDARD BOOK NUMBER | |
| International Standard Book Number | 9780802830203 |
| 035 ## - SYSTEM CONTROL NUMBER | |
| System control number | (OCoLC)ocm05117849 |
| 035 ## - SYSTEM CONTROL NUMBER | |
| System control number | (OCoLC)5117849 |
| 040 ## - CATALOGING SOURCE | |
| Original cataloging agency | BCT |
| Language of cataloging | eng |
| Transcribing agency | BCT |
| Modifying agency | OCLCG |
| -- | MNJ |
| -- | OCLCQ |
| -- | CFT |
| -- | OCLCF |
| -- | OCLCQ |
| -- | LBB |
| 049 ## - | |
| -- | LBBA |
| 050 14 - | |
| -- | BT75 |
| -- | .B38 |
| 082 04 - DEWEY DECIMAL CLASSIFICATION NUMBER | |
| Classification number | 230.046 |
| Item number | BER |
| 090 ## - LOCALLY ASSIGNED LC-TYPE CALL NUMBER (OCLC); LOCAL CALL NUMBER (RLIN) | |
| Classification number (OCLC) (R) ; Classification number, CALL (RLIN) (NR) | BT75 |
| Local cutter number (OCLC) ; Book number/undivided call number, CALL (RLIN) | .B38 |
| 100 1# - MAIN ENTRY--PERSONAL NAME | |
| Personal name | Berkhof, Louis, |
| Dates associated with a name | 1873-1957. |
| 9 (RLIN) | 2201 |
| 245 10 - TITLE STATEMENT | |
| Title | Systematic theology / |
| Statement of responsibility, etc. | by L. Berkhof. |
| 250 ## - EDITION STATEMENT | |
| Edition statement | 4th rev. and enl. ed. |
| 260 ## - PUBLICATION, DISTRIBUTION, ETC. | |
| Place of publication, distribution, etc. | Grand Rapids : |
| Name of publisher, distributor, etc. | Eerdmans, |
| Date of publication, distribution, etc. | 1949, 1941. |
| 300 ## - PHYSICAL DESCRIPTION | |
| Extent | 784 pages ; |
| Dimensions | 24 cm |
| 336 ## - CONTENT TYPE | |
| Content type term | text |
| Content type code | txt |
| Source | rdacontent |
| 337 ## - MEDIA TYPE | |
| Media type term | unmediated |
| Media type code | n |
| Source | rdamedia |
| 338 ## - CARRIER TYPE | |
| Carrier type term | volume |
| Carrier type code | nc |
| Source | rdacarrier |
| 500 ## - GENERAL NOTE | |
| General note | Previously published as volumes 1-2 (omitting only introductory volume)--of his Reformed dogmatics. |
| 500 ## - GENERAL NOTE | |
| General note | Includes indexes. |
| 504 ## - BIBLIOGRAPHY, ETC. NOTE | |
| Bibliography, etc. note | Includes bibliographical references (pages 739-745). |
| 650 #0 - SUBJECT ADDED ENTRY--TOPICAL TERM | |
| Topical term or geographic name entry element | Theology, Doctrinal. |
| 9 (RLIN) | 14 |
| 650 #0 - SUBJECT ADDED ENTRY--TOPICAL TERM | |
| Topical term or geographic name entry element | Reformed Church |
| General subdivision | Controversial literature. |
| 9 (RLIN) | 4108 |
| 650 #7 - SUBJECT ADDED ENTRY--TOPICAL TERM | |
| Topical term or geographic name entry element | Reformed Church. |
| Source of heading or term | fast |
| Authority record control number or standard number | (OCoLC)fst01092606 |
| 9 (RLIN) | 2526 |
| 650 #7 - SUBJECT ADDED ENTRY--TOPICAL TERM | |
| Topical term or geographic name entry element | Theology, Doctrinal. |
| Source of heading or term | fast |
| Authority record control number or standard number | (OCoLC)fst01149617 |
| 9 (RLIN) | 14 |
| 655 #7 - INDEX TERM--GENRE/FORM | |
| Genre/form data or focus term | Controversial literature. |
| Source of term | fast |
| Authority record control number or standard number | (OCoLC)fst01423907 |
| 9 (RLIN) | 92 |
| 942 ## - ADDED ENTRY ELEMENTS (KOHA) | |
| Source of classification or shelving scheme | Dewey Decimal Classification |
| Koha item type | Books |
| Koha issues (borrowed), all copies | 99 |
| Withdrawn status | Lost status | Source of classification or shelving scheme | Damaged status | Not for loan | Home library | Current Library | Shelving location | Date acquired | Total checkouts | Total renewals | Full call number | Barcode | Date last seen | Date last checked out | Copy number | Price effective from | Koha item type |
|---|---|---|---|---|---|---|---|---|---|---|---|---|---|---|---|---|---|
| Dewey Decimal Classification | GRACE BIBLE COLLEGE | GRACE BIBLE COLLEGE | Theology | 2017-06-06 | 45 | 3 | 230.046 BER | 003000 | 2025-05-01 | 2023-09-14 | c.2 | 2017-06-06 | Books | ||||
| Dewey Decimal Classification | GRACE BIBLE COLLEGE | GRACE BIBLE COLLEGE | Theology | 2017-06-06 | 31 | 2 | 230.046 BER | 000442 | 2025-05-01 | 2024-02-06 | c.1 | 2017-06-06 | Books | ||||
| Dewey Decimal Classification | GRACE BIBLE COLLEGE | GRACE BIBLE COLLEGE | Theology | 2021-07-13 | 30 | 1 | 230.046 BER | 020307 | 2025-09-02 | 2025-08-28 | c.3 | 2021-07-13 | Books |